00966 2200337 4500001002100000005001500021035002000036007000300056040001700059100003200076245006100108250001200169300003400181020002200215041000800237082001200245084001800257090002400275264003400299336002100333337003000354338002300384650001500407700004000422700004900462850001000511008004100521990002200562990002200584990002200606INLIS00000000000835820260525021231 a0010-0922000847ta aSBPUPADbind1 aWomersley, SteveePengarang1 aTOP 10 Sydney /cSteve Womersley; editor, Shelomi Angeli a.-Cet.5 a160 hlm :bilus ;c10 x 19 cm a978-979-075-286-307aInd a910.394 a910.394 WOM t a616.462 JOK r L18-2 a.--Jakarta :bErlangga,c2009 2rdacontentateks 2rdamediaatanpa perantara 2rdacarrieravolume 4aPariwisata0 aPenerjemah, Hulupi B.W.BePengarang0 aeditor ke-2, Dwi Kartika WardhaniePengarang aPUPAD260525 0  a18008/BRKAPD/2012 a18007/BRKAPD/2012 a18009/BRKAPD/2012